[Event "Rochefort op-B 16th"]
[Site "Rochefort"]
[Date "2017.02.18"]
[Round "8"]
[White "Fernandez, Leon"]
[Black "Mace, Emmanuel"]
[Result "1-0"]
[WhiteElo "1840"]
[BlackElo "1791"]
[PlyCount "69"]
[EventDate "2017.02.18"]
[EventType "swiss"]
[EventRounds "9"]
[EventCountry "FRA"]
[SourceTitle "CBM 177 Extra"]
[Source "ChessBase"]
[SourceDate "2017.04.27"]
[SourceVersion "1"]
[SourceVersionDate "2017.04.27"]
[SourceQuality "1"]

1. e4 e5 2. Nf3 Nc6 3. Bb5 Nf6 4. 0-0 Nxe4 5. d4 Nd6 6. Bxc6 dxc6 7. dxe5 Nf5 8. Qxd8+ Kxd8 9. Nc3 h6 10. Rd1+ Ke8 11. b3 Bd7 12. Bb2 Rd8 13. Rd3 Bc8 14. Rad1 Rxd3 15. Rxd3 b6 16. Ne4 Ne7 17. c4 Bf5 18. Nfd2 c5 19. f3 Ng6 20. g3 Rg8 21. Kf2 Be7 22. Ke3 Bd7 23. Nb1 Bd8 24. f4 Ne7 25. Nbc3 Nc6 26. a3 a6 27. Nd5 Na5 28. Kf3 h5 29. Ne3 Nb7 30. f5 b5 31. Kf4 bxc4 32. bxc4 g5+ 33. Kf3 Bc6 34. Nd5 Bd7 35. Ndf6+ 1-0